00366nam a2200181Ia 4500003000900000008004100009040001300050040001300063041000800076100002100084245002000105250000900125260001200134260000900146300001100155300001200166490000600178IT-RoPAU120407s9999 xx 000 0 und d aIT-RoPAU cIT-RoPAU aita aCorrado Balducci aGli indemoniati aRoma aColetti c1959 a590 p. c24.5 cm v1